| 000 | 00737nam a2200181 4500 | ||
|---|---|---|---|
| 001 | 6596 | ||
| 090 | 0 | 0 | _aPOL.SCI CAP No.59 |
| 245 | 0 | 0 |
_aReligious personalities in Bhutanese politics : _bvoting rights for religious personalities in Bhutan / _cRinchen Khando. _h |
| 260 | 0 | 0 |
_a[Thimphu] : _b[Royal Thimphu College], _c2017. |
| 300 | 0 | 0 | _a32 leaves ; 30 cm. |
| 504 | _aIncludes Bibliography and References. | ||
| 520 | _aSpiral-bound xerographic copy. | ||
| 520 | _aStudent research project for BA, Political Science (Capstone Project):(2017). | ||
| 650 |
_aBuddhism -- Social aspects. _v _x _y _z _2 |
||
| 650 |
_aBuddhism and politics -- _v _x _y _zBhutan. _2 |
||
| 650 |
_aBuddhism and state -- _v _x _y _zBhutan. _2 |
||
| 650 | 0 | 0 |
_aCapstone Project. _x |
| 999 |
_c5549 _d5549 |
||